Cesta k integrácii s vyspelými ekonomikami Kompatibilita s právnym poriadkom EÚ náročná, dlhodobá, ale nevyhnutná

Právne normy Európskej únie a Slovenskej republiky. Zbližovanie právnych poriadkov v oblasti colného, obchodného, bankového práva, daní, účtovníctva a technických noriem. Komunitárne právo EÚ a jeho nadradenosť nad právnymi predpismi členských štátov.

Salvato in:
Dettagli Bibliografici
Autore principale: Ďurovčík, J.
Natura: Capitolo di libro
Lingua:slovacco
Soggetti:
Tags: Aggiungi Tag
Nessun Tag, puoi essere il primo ad aggiungerne!!

MARC

LEADER 00000naa a2200000 4500
001 r015214
005 20221213113329.7
041 0 |a slo 
044 |a SK 
245 1 0 |a Cesta k integrácii s vyspelými ekonomikami  |b Kompatibilita s právnym poriadkom EÚ náročná, dlhodobá, ale nevyhnutná  |c J. Ďurovčík 
520 |a Právne normy Európskej únie a Slovenskej republiky. Zbližovanie právnych poriadkov v oblasti colného, obchodného, bankového práva, daní, účtovníctva a technických noriem. Komunitárne právo EÚ a jeho nadradenosť nad právnymi predpismi členských štátov. 
610 2 0 |a normy právne 
610 2 0 |a normy medzinárodné 
610 2 0 |a poriadok právny 
610 2 0 |a právo obchodné 
610 2 0 |a dane 
610 2 0 |a účtovníctvo 
610 2 0 |a normy technické 
610 2 0 |a Európske spoločenstvá 
610 2 0 |a Slovensko 
100 1 |a Ďurovčík, J.